000 00247nam a2200097 a 4500
005 20200930073743.0
008 111006s1844 000 spa d
245 3 _aLa funesta influencia del positivismo.
260 _as. l.,
_c1844.
999 _c34027
_d34027
040 _aDO-SdBNP